000 00768nam a2200241 i 4500
003 DO-SdBNP
005 20240221160326.0
006 a|||||r|||| 00| 0
007 ta
008 231107b190? dr ||||| |||| 00| 0 spa d
040 _aDO-SdBNP
_bspa
_cBNPHU
_erda
082 4 _222
_bU58s
110 _a Universidad Federico Henríquez y Carvajal
_eautor
_984584
245 _aSexta graduación ordinaria:
_bcede central. /
264 _a[sin lugar] :
_b[sin editora],
_c[190?]
300 _a[8] páginas ;
_c22 cm.
336 _2rdacontent
_atexto
_btxt
337 _2rdamedia
_asin mediación
_bn
338 _2rdacarrier
_avolumen
_bnc
500 _aIncorporada mediante Decreto No. 5791 del 12 de febrero de 1991.
590 _aInventariado 2023 / MF
942 _2ddc
_cLF2
999 _c55407
_d55407